[Event "Millionaire Chess Open 2014"]
[Site "Las Vegas USA"]
[Date "2014.10.09"]
[Round "1.1"]
[White "So, Wesley"]
[Black "Perez, Robert M"]
[Result "1-0"]
[WhiteTitle "GM"]
[WhiteElo "2755"]
[BlackElo "2332"]
[WhiteFideId "5202213"]
[BlackFideId "2035251"]
[EventDate "2014.10.09"]

1. d4 Nf6 2. c4 g6 3. f3 Nc6 4. d5 Ne5 5. e4 d6 6. Nc3 Bg7 7. f4 Ned7 8. Nh3 e5
9. dxe6 fxe6 10. Be3 O-O 11. Be2 b6 12. O-O Bb7 13. Bf3 Rb8 14. Qc2 Qe7 15. Rae1
a6 16. Kh1 Kh8 17. Bc1 Ng8 18. b3 Nh6 19. Bb2 Nf7 20. g3 Nd8 21. Bg2 Nc6 22. Nd5
Qd8 23. Ng5 Nc5 24. b4 h6 25. Nf3 Nd7 26. Nh4 exd5 27. exd5 Nxb4 28. Nxg6+ Kg8
29. Ne7+ 1-0

[Event "Millionaire Chess Open 2014"]
[Site "Las Vegas USA"]
[Date "2014.10.09"]
[Round "1.2"]
[White "Perdomo, Carlos Andres"]
[Black "Bu, Xiangzhi"]
[Result "0-1"]
[WhiteTitle "IM"]
[BlackTitle "GM"]
[WhiteElo "2331"]
[BlackElo "2710"]
[WhiteFideId "4400852"]
[BlackFideId "8601445"]
[EventDate "2014.10.09"]

1. c4 Nf6 2. Nc3 e6 3. Nf3 c5 4. d4 cxd4 5. Nxd4 Nc6 6. e3 Bb4 7. Nb5 a6 8. Nd6+
Ke7 9. Nxc8+ Rxc8 10. Bd2 d5 11. cxd5 Nxd5 12. Be2 Qd6 13. O-O Nxc3 14. bxc3
Rhd8 15. cxb4 Qxd2 16. b5 axb5 17. Bxb5 Qxd1 18. Rfxd1 Nb4 19. Rxd8 Rxd8 20. a4
Rd2 21. Rb1 Na6 22. Bxa6 bxa6 23. g3 Ra2 24. Rb4 h5 25. Kg2 g6 26. h3 a5 27. Rd4
f6 28. g4 h4 29. g5 fxg5 30. Kf3 Rb2 31. Rc4 Rb4 32. Rc5 g4+ 33. hxg4 Rxa4 34.
Rb5 Ra2 35. g5 a4 36. Rb7+ Kd6 37. Rh7 a3 38. Rxh4 Rc2 39. Ra4 a2 40. Kg3 Kc5
41. f3 Kb5 42. Ra8 Kb4 43. e4 e5 44. Ra6 Kb3 45. f4 Rc3+ 46. Kg4 Rc4 47. Rxa2
Kxa2 48. Kf3 Rc3+ 49. Kg4 Re3 0-1

[Event "Millionaire Chess Open 2014"]
[Site "Las Vegas USA"]
[Date "2014.10.09"]
[Round "1.3"]
[White "Le, Quang Liem"]
[Black "Rojas Sepulveda, Eduardo"]
[Result "1-0"]
[WhiteTitle "GM"]
[BlackTitle "FM"]
[WhiteElo "2706"]
[BlackElo "2311"]
[WhiteFideId "12401137"]
[BlackFideId "3400166"]
[EventDate "2014.10.09"]

1. d4 Nf6 2. Nf3 e6 3. c4 d5 4. Nc3 Be7 5. Bf4 O-O 6. e3 c6 7. h3 Nbd7 8. Rc1
Re8 9. a3 dxc4 10. Bxc4 Nb6 11. Bd3 Nbd5 12. Bg3 Nxc3 13. Rxc3 Nd5 14. Rc1 Bd6
15. Ne5 Bxe5 16. dxe5 Qa5+ 17. Qd2 Qxd2+ 18. Kxd2 Bd7 19. e4 Ne7 20. Ke3 b6 21.
Rhd1 c5 22. Bc4 Bc6 23. Rd6 h6 24. h4 Rad8 25. Ba6 f6 26. b4 fxe5 27. bxc5 bxc5
28. Rxd8 Rxd8 29. Rxc5 Rd4 30. Bd3 Ra4 31. Bxe5 Kf7 32. Bd6 1-0

[Event "Millionaire Chess Open 2014"]
[Site "Las Vegas USA"]
[Date "2014.10.09"]
[Round "1.4"]
[White "Kavutskiy, Konstantin"]
[Black "Yu, Yangyi"]
[Result "0-1"]
[WhiteTitle "FM"]
[BlackTitle "GM"]
[WhiteElo "2307"]
[BlackElo "2697"]
[WhiteFideId "2026384"]
[BlackFideId "8603820"]
[EventDate "2014.10.09"]

1. d4 Nf6 2. c4 e6 3. Nf3 d5 4. Nc3 Bb4 5. Qa4+ Nc6 6. e3 O-O 7. Bd2 dxc4 8.
Bxc4 Bd6 9. O-O e5 10. d5 Ne7 11. Ng5 Bf5 12. e4 Bd7 13. Qb3 Rb8 14. f4 b5 15.
Bd3 exf4 16. Bxf4 Ng6 17. Bd2 Ng4 18. g3 N6e5 19. Nd1 c6 20. Be2 h6 21. Nf3 cxd5
22. exd5 Nxf3+ 23. Qxf3 Qb6+ 24. Kg2 Rbe8 25. h3 Nf6 26. Qd3 Nxd5 27. Bf3 Re5
28. Kh2 Bf5 29. Qb3 Be6 30. Qd3 Rd8 31. Re1 Nb4 32. Qf1 Nc2 0-1

[Event "Millionaire Chess Open 2014"]
[Site "Las Vegas USA"]
[Date "2014.10.09"]
[Round "1.5"]
[White "Mamedov, Rauf"]
[Black "Inants, Aghasi"]
[Result "1-0"]
[WhiteTitle "GM"]
[BlackTitle "FM"]
[WhiteElo "2667"]
[BlackElo "2305"]
[WhiteFideId "13401653"]
[BlackFideId "13303295"]
[EventDate "2014.10.09"]

1. e4 c5 2. Nf3 Nf6 3. Nc3 d5 4. exd5 Nxd5 5. Bc4 Nxc3 6. bxc3 e6 7. O-O Bd6 8.
d4 Nd7 9. Ng5 O-O 10. Bd3 Nf6 11. Qe2 Qc7 12. h3 b6 13. Ne4 Nxe4 14. Qxe4 g6 15.
dxc5 bxc5 16. Rb1 Bd7 17. Bh6 Bc6 18. Qe3 Rfe8 19. Be4 Bxe4 20. Qxe4 Rab8 21.
Rbd1 Be5 22. Qc4 Qa5 23. Rd3 Qb5 24. Qe4 c4 25. a4 Qa5 26. Rd7 Red8 27. Rxa7
Qxa7 28. Qxe5 f5 29. Be3 Qg7 30. Qxe6+ Qf7 31. Qe5 Qd5 32. Qf4 Qe4 33. Qg5 Qxc2
34. Qf6 Qxa4 35. Qe6+ Kg7 36. Qe5+ Kg8 37. Bd4 Qd7 38. Qh8+ Kf7 39. Qe5 Qa4 1-0

[Event "Millionaire Chess Open 2014"]
[Site "Las Vegas USA"]
[Date "2014.10.09"]
[Round "1.6"]
[White "Schmakel, Sam A"]
[Black "Dreev, Aleksey"]
[Result "0-1"]
[WhiteTitle "FM"]
[BlackTitle "GM"]
[WhiteElo "2305"]
[BlackElo "2654"]
[WhiteFideId "2039311"]
[BlackFideId "4100107"]
[EventDate "2014.10.09"]

1. d4 d5 2. c4 c6 3. Nf3 Nf6 4. Qc2 dxc4 5. Qxc4 Bg4 6. Nc3 Nbd7 7. e4 e6 8. Be3
Qa5 9. Ne5 Nxe5 10. dxe5 Nd7 11. h3 Bh5 12. g4 Nxe5 13. Qb3 O-O-O 14. f4 Nf3+
15. Kf2 Nd2 16. Qc2 Bc5 17. Bd3 Rxd3 18. Qxd3 Rd8 19. Qe2 Bxe3+ 20. Qxe3 Nc4 21.
Qf3 Nxb2 22. Ne2 Rd3 23. Qg2 Qc5+ 24. Kf1 Nc4 25. Qf2 Nd2+ 26. Kg2 Qxf2+ 27.
Kxf2 Nxe4+ 28. Kg2 Bg6 29. Rhd1 Ra3 30. h4 h6 31. Rf1 Nd2 32. Rfd1 Be4+ 33. Kf2
Rf3+ 34. Kg1 Rh3 35. Kf2 Nc4 36. Ng1 Rh2+ 37. Kg3 Rg2+ 38. Kh3 h5 39. gxh5 Ne3 0-1

[Event "Millionaire Chess Open 2014"]
[Site "Las Vegas USA"]
[Date "2014.10.09"]
[Round "1.7"]
[White "Akobian, Varuzhan"]
[Black "Vibbert, Sean"]
[Result "1-0"]
[WhiteTitle "GM"]
[BlackTitle "FM"]
[WhiteElo "2640"]
[BlackElo "2302"]
[WhiteFideId "13300580"]
[BlackFideId "2030292"]
[EventDate "2014.10.09"]

1. d4 d5 2. c4 c6 3. Nf3 Nf6 4. Nc3 dxc4 5. a4 Bf5 6. Nh4 Bg6 7. Nxg6 hxg6 8. e3
e6 9. Bxc4 Bb4 10. O-O Qa5 11. Na2 Bd6 12. f4 g5 13. b4 Qd8 14. g3 gxf4 15. exf4
g6 16. a5 a6 17. Qe2 Be7 18. Bb2 Nd5 19. Rae1 Nd7 20. Ba3 N7f6 21. Kg2 Qd7 22.
Nc1 Kf8 23. Qd2 Nc7 24. Bb2 Nfd5 25. Nd3 Bf6 26. Nc5 Qc8 27. g4 Kg7 28. Rf3 Rh4
29. h3 Nb5 30. Qf2 Be7 31. f5 gxf5 32. gxf5 Kh8 33. fxe6 fxe6 34. Bxd5 cxd5 35.
Rxe6 Rh7 36. Re5 Bxc5 37. dxc5 d4 38. Bxd4 Nxd4 39. Qxd4 Rg7+ 40. Rg5 Qc7 41.
Rfg3 Rg8 42. h4 Qe7 43. Rxg7 Qe2+ 44. Kh3 Qf1+ 45. Kh2 Qe2+ 46. Rg2 1-0

[Event "Millionaire Chess Open 2014"]
[Site "Las Vegas USA"]
[Date "2014.10.09"]
[Round "1.8"]
[White "Williams, Justus D"]
[Black "Azarov, Sergei"]
[Result "1-0"]
[WhiteTitle "FM"]
[BlackTitle "GM"]
[WhiteElo "2296"]
[BlackElo "2639"]
[WhiteFideId "2049929"]
[BlackFideId "13501470"]
[EventDate "2014.10.09"]

1. Nf3 d5 2. g3 Nc6 3. d4 Bg4 4. Bg2 Qd7 5. Bf4 O-O-O 6. Nbd2 Bh3 7. Bxh3 Qxh3
8. Rc1 f6 9. c4 e5 10. cxd5 Rxd5 11. dxe5 fxe5 12. e4 Rb5 13. a4 Rc5 14. Rxc5
Bxc5 15. Nxe5 Nxe5 16. Bxe5 Nh6 17. Bxg7 Rd8 18. Qf3 Rxd2 19. Kxd2 Qd7+ 20. Kc2
Qxg7 21. Qh5 b6 22. Qd5 Ng4 23. Qa8+ Kd7 24. Qd5+ Kc8 25. Rd1 Bd6 26. h3 Nh6 27.
f4 Kb8 28. e5 Bc5 29. Qe4 Qe7 30. g4 Qe8 31. b3 a5 32. Qxh7 Qc6 33. Qd3 Be3+ 34.
Qc4 Qg2+ 35. Kb1 Nf7 36. Qc2 Qf3 37. Rd7 Qf1+ 38. Ka2 c5 39. Rxf7 Bd4 40. Rf8+ 1-0

[Event "Millionaire Chess Open 2014"]
[Site "Las Vegas USA"]
[Date "2014.10.09"]
[Round "1.9"]
[White "Najer, Evgeniy"]
[Black "Adithya, B."]
[Result "1/2-1/2"]
[WhiteTitle "GM"]
[WhiteElo "2635"]
[BlackElo "2289"]
[WhiteFideId "4118987"]
[BlackFideId "5020506"]
[EventDate "2014.10.09"]

1. e4 e5 2. Nf3 Nc6 3. Bb5 a6 4. Ba4 Nf6 5. O-O Be7 6. Re1 b5 7. Bb3 O-O 8. a4
b4 9. d4 d6 10. dxe5 Nxe5 11. Bf4 Nxf3+ 12. Qxf3 Bg4 13. Qd3 Qc8 14. Nd2 a5 15.
h3 Bh5 16. e5 dxe5 17. Bxe5 Rd8 18. Qe3 Qf5 19. Nf1 Bg6 20. Bxc7 Bc5 21. Qf4
Rdc8 22. Qxf5 Bxf5 23. Be5 Ne4 24. Ne3 Re8 25. Bh2 Bxe3 26. Rxe3 Nc5 27. Rxe8+
Rxe8 28. Bc7 Nxb3 29. cxb3 Ra8 30. Re1 f6 31. g4 Bc2 32. Re3 Ra7 33. Bb6 Ra6 34.
Bc7 Ra7 35. Bd6 Ra6 1/2-1/2

[Event "Millionaire Chess Open 2014"]
[Site "Las Vegas USA"]
[Date "2014.10.09"]
[Round "1.10"]
[White "Rozman, Levy"]
[Black "Shankland, Samuel L"]
[Result "0-1"]
[BlackTitle "GM"]
[WhiteElo "2284"]
[BlackElo "2633"]
[WhiteFideId "2039877"]
[BlackFideId "2004887"]
[EventDate "2014.10.09"]

1. d4 Nf6 2. Bg5 d5 3. Bxf6 exf6 4. e3 Be6 5. g3 Nd7 6. Bg2 c6 7. Ne2 Bd6 8. Qd3
O-O 9. O-O Nb6 10. Nf4 Bxf4 11. exf4 Qd7 12. Nd2 Bf5 13. Qc3 Rfe8 14. Rfe1 Re7
15. Nb3 Rae8 16. Nc5 Qc7 17. Qa5 h5 18. h4 Bxc2 19. Rxe7 Rxe7 20. Qxa7 Nc4 21.
Rc1 Bf5 22. b3 Nd6 23. Qa3 Re2 24. Bf3 Rd2 25. Rd1 Rxd1+ 26. Bxd1 Qe7 27. Qb4 b6
28. Na4 Qe4 29. Qd2 Qb1 30. Nc3 Qa1 31. Kg2 g6 32. Bf3 b5 33. a4 bxa4 34. Nxa4
Nb5 35. Nb2 Qb1 36. Be2 Qe4+ 37. Kg1 Nxd4 38. Bd1 Bh3 39. f3 Nxf3+ 40. Bxf3 Qxf3 0-1

[Event "Millionaire Chess Open 2014"]
[Site "Las Vegas USA"]
[Date "2014.10.09"]
[Round "1.12"]
[White "Gulamali, Kazim"]
[Black "Gareev, Timur"]
[Result "0-1"]
[WhiteTitle "FM"]
[BlackTitle "GM"]
[WhiteElo "2271"]
[BlackElo "2612"]
[WhiteFideId "2024764"]
[BlackFideId "14200937"]
[EventDate "2014.10.09"]

1. e4 e5 2. Nf3 Nc6 3. Bb5 f5 4. d3 fxe4 5. dxe4 Nf6 6. Be3 d6 7. O-O Be7 8. Bc4
Na5 9. Bb5+ Bd7 10. Bd3 a6 11. c4 O-O 12. h3 c5 13. Nc3 Nc6 14. Nd2 Nd4 15. f4
exf4 16. Rxf4 Qb6 17. Rb1 Rae8 18. Kh1 Qd8 19. Nb3 Nc6 20. Nd2 Ne5 21. Be2 Qc8
22. g4 h5 23. g5 Nh7 24. h4 Ng4 25. Bxg4 Bxg4 26. Qg1 Rxf4 27. Bxf4 Nf8 28. Nd5
Ng6 29. Qg3 Bf8 30. Rf1 Qd7 31. b3 b5 32. Re1 Be6 33. Ne3 Be7 34. Nd5 Bd8 35.
Re3 Ba5 36. Nf3 bxc4 37. bxc4 Qa4 38. Bxd6 Qxc4 39. Nf4 Nxf4 40. Qxf4 Qf1+ 41.
Kh2 Qf2+ 42. Kh1 Bh3 43. Ne1 Bxe1 44. Qxf2 Bxf2 0-1

[Event "Millionaire Chess Open 2014"]
[Site "Las Vegas USA"]
[Date "2014.10.09"]
[Round "1.13"]
[White "Naroditsky, Daniel"]
[Black "Liu, Elliot"]
[Result "1-0"]
[WhiteTitle "GM"]
[BlackTitle "FM"]
[WhiteElo "2601"]
[BlackElo "2269"]
[WhiteFideId "2026961"]
[BlackFideId "2019850"]
[EventDate "2014.10.09"]

1. e4 c5 2. Nf3 e6 3. d4 cxd4 4. Nxd4 Nf6 5. Nc3 Nc6 6. g3 d5 7. exd5 Nxd5 8.
Bg2 Bb4 9. O-O Bxc3 10. Nxc6 bxc6 11. bxc3 Ba6 12. Re1 Qa5 13. c4 Ne7 14. Bd2
Qa4 15. Bg5 Bxc4 16. Bxe7 Kxe7 17. Qd4 Qb5 18. a4 Qa6 19. Qc5+ Kf6 20. Re4 Bd5
21. Rf4+ Kg6 22. c4 1-0

[Event "Millionaire Chess Open 2014"]
[Site "Las Vegas USA"]
[Date "2014.10.09"]
[Round "1.21"]
[White "Holt, Conrad"]
[Black "Karatorossian, David"]
[Result "1-0"]
[WhiteTitle "GM"]
[BlackTitle "IM"]
[WhiteElo "2571"]
[BlackElo "2250"]
[WhiteFideId "2034387"]
[BlackFideId "13300482"]
[EventDate "2014.10.09"]

1. d4 Nf6 2. c4 g6 3. Nc3 Bg7 4. e4 d6 5. Nf3 O-O 6. h3 e5 7. d5 Na6 8. Bg5 h6
9. Be3 c5 10. Qd2 Kh7 11. g4 Nc7 12. Be2 b5 13. cxb5 a6 14. bxa6 Bxa6 15. O-O
Qd7 16. Kh2 Rfb8 17. b3 Rb4 18. Bxa6 Rxa6 19. Qd3 Ra8 20. Nd2 h5 21. f3 Ng8 22.
gxh5 gxh5 23. Rg1 Bh6 24. Nc4 Ne8 25. Rxg8 Bxe3 26. Qxe3 Kxg8 27. Qh6 Ng7 28.
Rg1 f6 29. Ne3 Rf8 30. Nf5 Rf7 31. Ne2 h4 32. Rg4 Re7 33. Qxf6 Rb6 34. Nh6+ 1-0

[Event "Millionaire Chess Open 2014"]
[Site "Las Vegas USA"]
[Date "2014.10.09"]
[Round "1.22"]
[White "Davidson, Kevin"]
[Black "Kaidanov, Gregory S"]
[Result "0-1"]
[BlackTitle "GM"]
[WhiteElo "2246"]
[BlackElo "2569"]
[WhiteFideId "2056810"]
[BlackFideId "2008564"]
[EventDate "2014.10.09"]

1. e4 e5 2. Nf3 Nc6 3. Bb5 a6 4. Ba4 Nf6 5. O-O b5 6. Bb3 Bb7 7. Re1 Bc5 8. c3
d6 9. a4 O-O 10. d4 Bb6 11. Bg5 h6 12. Bh4 g5 13. Bg3 exd4 14. cxd4 Re8 15. Nc3
g4 16. axb5 axb5 17. Rxa8 Bxa8 18. d5 Na5 19. Nh4 b4 20. Na4 Nxb3 21. Nxb6 cxb6
22. Qxb3 Rxe4 23. Rxe4 Nxe4 24. Qxb4 Qg5 25. h3 Qxd5 26. hxg4 Nxg3 27. fxg3 Qc5+
28. Qxc5 dxc5 29. Kf2 Kg7 30. Nf5+ Kg6 31. Ke3 Kg5 32. Kf2 Be4 33. Ne3 b5 34.
Ke2 Kf6 35. Kd2 Ke5 36. Kc3 b4+ 37. Kc4 Kd6 38. Kb5 Bd3+ 39. Kb6 c4 40. Nd1 Be2 0-1

[Event "Millionaire Chess Open 2014"]
[Site "Las Vegas USA"]
[Date "2014.10.09"]
[Round "1.26"]
[White "Sheng, Joshua"]
[Black "Chirila, Ioan-Cristian"]
[Result "0-1"]
[BlackTitle "GM"]
[WhiteElo "2236"]
[BlackElo "2529"]
[WhiteFideId "2057360"]
[BlackFideId "1211668"]
[EventDate "2014.10.09"]

1. e4 e5 2. Nf3 Nc6 3. Bc4 Nf6 4. d3 Bc5 5. O-O d6 6. c3 a6 7. Bb3 Ba7 8. h3 h6
9. Re1 O-O 10. Nbd2 Be6 11. Bc2 Re8 12. Nh2 d5 13. Qf3 Ne7 14. Ndf1 Ng6 15. Ng3
Qd7 16. Nh5 Nxh5 17. Qxh5 dxe4 18. dxe4 Rad8 19. Nf3 Qc6 20. Be3 Bxe3 21. Rxe3
Nf4 22. Qh4 f6 23. b4 a5 24. a3 Ra8 25. Rc1 axb4 26. cxb4 Rxa3 27. Rxa3 Ne2+ 28.
Kh2 Nxc1 29. Ba4 b5 30. Bd1 Qd6 31. Bc2 Qxb4 32. Re3 Qb2 0-1

[Event "Millionaire Chess Open 2014"]
[Site "Las Vegas USA"]
[Date "2014.10.09"]
[Round "1.27"]
[White "Matamoros Franco, Carlos S."]
[Black "Estay Torreblanca, Oscar"]
[Result "1-0"]
[WhiteTitle "GM"]
[WhiteElo "2517"]
[BlackElo "2235"]
[WhiteFideId "3600017"]
[BlackFideId "3404250"]
[EventDate "2014.10.09"]

1. Nf3 Nf6 2. c4 g6 3. g3 Bg7 4. Bg2 O-O 5. O-O d6 6. d4 Nc6 7. Nc3 a6 8. d5 Na5
9. b3 c6 10. dxc6 Nxc6 11. Bb2 Ne4 12. Qc1 Nxc3 13. Bxc3 Bxc3 14. Qxc3 Qa5 15.
Qe3 Qh5 16. Rfd1 Qf5 17. Rac1 Qf6 18. h3 a5 19. Ng5 a4 20. Ne4 Qg7 21. c5 axb3
22. axb3 dxc5 23. Nxc5 e5 24. Nxb7 Nd4 25. Nd6 Ba6 26. Bxa8 Nxe2+ 27. Kh2 Nd4
28. Bd5 Ne2 29. Ra1 Nf4 30. gxf4 exf4 31. Qe7 1-0

[Event "Millionaire Chess Open 2014"]
[Site "Las Vegas USA"]
[Date "2014.10.09"]
[Round "1.31"]
[White "Shabalov, Alexander"]
[Black "Zygouris, Hristos"]
[Result "1/2-1/2"]
[WhiteTitle "GM"]
[WhiteElo "2499"]
[BlackElo "2200"]
[WhiteFideId "2008572"]
[BlackFideId "4200292"]
[EventDate "2014.10.09"]

1. d4 Nf6 2. c4 e6 3. Nf3 d5 4. Nc3 Nbd7 5. g3 dxc4 6. Bg2 Bb4 7. Qa4 a5 8. a3
Bxc3+ 9. bxc3 O-O 10. Qxc4 b6 11. O-O c5 12. Ne5 Ba6 13. Qa2 Rc8 14. Bg5 h6 15.
Nxd7 Qxd7 16. Bxf6 gxf6 17. Rfd1 Qb5 18. Bf3 cxd4 19. cxd4 Qf5 20. Qb3 Qc2 21.
Qe3 Kg7 22. Rac1 Qf5 23. Rb1 Rb8 24. Be4 Qh5 25. Rb2 Bc4 26. a4 Qg5 27. Qf3 f5
28. Bc6 Rfd8 29. e4 fxe4 30. Bxe4 Bd5 31. Rb5 Qf6 32. Qg4+ Kf8 33. h4 Rd6 34.
Bxd5 Rxd5 35. Rxd5 exd5 36. Rd3 Re8 37. Rf3 Re1+ 38. Kg2 Qe6 39. Qf4 Re4 40. Qd2
Kg7 41. Qb2 1/2-1/2

[Event "Millionaire Chess Open 2014"]
[Site "Las Vegas USA"]
[Date "2014.10.09"]
[Round "1.35"]
[White "Fishbein, Alexander"]
[Black "Farfan Ortiz, Enrique Alfredo"]
[Result "1-0"]
[WhiteTitle "GM"]
[WhiteElo "2472"]
[BlackElo "2187"]
[WhiteFideId "2000377"]
[BlackFideId "3406890"]
[EventDate "2014.10.09"]

1. e4 c5 2. Nf3 d6 3. d4 cxd4 4. Nxd4 Nf6 5. Nc3 g6 6. Be2 Bg7 7. O-O O-O 8. Nb3
Nc6 9. Bg5 Be6 10. f4 Na5 11. f5 Bc4 12. Kh1 Bxe2 13. Qxe2 Rc8 14. Nd5 Nxd5 15.
exd5 Nc4 16. Bxe7 Re8 17. f6 Qd7 18. Qf2 Nxb2 19. Rae1 Nc4 20. Nd2 Nb6 21. Ne4
Rxe7 22. fxe7 Qxe7 23. Nxd6 1-0

[Event "Millionaire Chess Open 2014"]
[Site "Las Vegas USA"]
[Date "2014.10.09"]
[Round "1.39"]
[White "Barcenilla, Rogelio"]
[Black "Crespo Hidalgo, Carlos"]
[Result "1-0"]
[WhiteTitle "GM"]
[WhiteElo "2462"]
[BlackElo "2172"]
[WhiteFideId "5200059"]
[BlackFideId "3605612"]
[EventDate "2014.10.09"]

1. c4 f5 2. Nf3 Nf6 3. g3 g6 4. Bg2 Bg7 5. O-O O-O 6. Nc3 d6 7. d4 c6 8. b4 a5
9. b5 Qc7 10. Qb3 h6 11. c5+ Kh7 12. Ba3 Ne4 13. Rac1 d5 14. Na4 Nd7 15. e3 Re8
16. Rc2 g5 17. Rb1 Qd8 18. Bc1 g4 19. Nh4 e6 20. f3 gxf3 21. Nxf3 Bf6 22. Bd2
Nxd2 23. Rxd2 Rg8 24. Bf1 Kh8 25. Bd3 Ra7 26. Qd1 Qe7 27. Qf1 Qg7 28. Kh1 Nb8
29. Nb6 Bd7 30. a4 Rd8 31. Nxd7 Nxd7 32. Qh3 Raa8 1-0

[Event "Millionaire Chess Open 2014"]
[Site "Las Vegas USA"]
[Date "2014.10.09"]
[Round "1.41"]
[White "Krush, Irina"]
[Black "Braunlich, Tom"]
[Result "1-0"]
[WhiteTitle "GM"]
[WhiteElo "2457"]
[BlackElo "2145"]
[WhiteFideId "2012782"]
[BlackFideId "2017016"]
[EventDate "2014.10.09"]

1. d4 Nf6 2. c4 c5 3. d5 b5 4. cxb5 a6 5. bxa6 g6 6. Nc3 Bxa6 7. e4 Bxf1 8. Kxf1
d6 9. g3 Bg7 10. Kg2 O-O 11. Nf3 Nbd7 12. h3 Qa5 13. Re1 Rfd8 14. a4 Ne8 15. Bd2
Nc7 16. Qc2 Na6 17. Nb5 Nb4 18. Qb3 Rdb8 19. Ra3 Rb7 20. Rea1 Rab8 21. Ne1 f5
22. exf5 gxf5 23. Nd3 Ne5 24. Bxb4 Rxb5 25. axb5 Qxb5 26. Nxe5 Bxe5 27. Ra8 cxb4
28. Rxb8+ Qxb8 29. Ra4 1-0

[Event "Millionaire Chess Open 2014"]
[Site "Las Vegas USA"]
[Date "2014.10.09"]
[Round "1.52"]
[White "De Seroux, Camille"]
[Black "De Guzman, Ricardo"]
[Result "0-1"]
[WhiteTitle "WFM"]
[BlackTitle "IM"]
[WhiteElo "2099"]
[BlackElo "2379"]
[WhiteFideId "1305620"]
[BlackFideId "5200121"]
[EventDate "2014.10.09"]

1. e4 e5 2. Nf3 Nc6 3. d4 exd4 4. Nxd4 Bc5 5. Nb3 Bb6 6. Nc3 Qf6 7. Qe2 Nge7 8.
Be3 d6 9. O-O-O Bd7 10. g3 O-O-O 11. Bg2 Kb8 12. Rhe1 Qg6 13. f4 Rhe8 14. Bxb6
axb6 15. Bf3 Qh6 16. Qd2 f6 17. Nd5 g5 18. Kb1 gxf4 19. Qxf4 Qxf4 20. gxf4 Nxd5
21. exd5 Ne7 22. Rd4 Nf5 23. Rde4 Rxe4 24. Bxe4 Re8 25. Nd2 Nh4 26. Rg1 f5 27.
Bd3 Ng6 28. c4 Nxf4 29. Kc2 Ng6 30. Nf3 Re3 31. Nd4 Rh3 32. Bxf5 Rxh2+ 33. Kc3
Bxf5 34. Nxf5 Rf2 35. Nd4 Rf8 36. Re1 h5 37. Re6 Rg8 38. Nf5 Ne5 39. Rh6 b5 40.
b3 bxc4 41. Rxh5 cxb3 42. axb3 Ka7 43. Rh7 Kb6 44. Ne3 Rg3 45. Kd2 Nf3+ 46. Ke2
Nd4+ 47. Kd3 Nf5 0-1

[Event "Millionaire Chess Open 2014"]
[Site "Las Vegas USA"]
[Date "2014.10.09"]
[Round "1.57"]
[White "Burnett, Ronald"]
[Black "Stancil, Kimani A"]
[Result "1-0"]
[WhiteTitle "IM"]
[WhiteElo "2357"]
[BlackElo "2071"]
[WhiteFideId "2002159"]
[BlackFideId "2018594"]
[EventDate "2014.10.09"]

1. c4 d6 2. Nc3 f5 3. e4 Nf6 4. exf5 Bxf5 5. d4 Qd7 6. Nge2 Nc6 7. d5 Nd8 8. Nd4
g6 9. Qf3 Bg4 10. Qe3 c5 11. Nde2 Qc8 12. h3 Bd7 13. g4 Nf7 14. Ng3 Bg7 15. Be2
O-O 16. g5 Ne8 17. h4 Bd4 18. Qd2 Ne5 19. f4 Bg4 20. fxe5 Bf2+ 21. Kd1 Bxg3 22.
e6 Bxe2+ 23. Nxe2 Be5 24. h5 Ng7 25. hxg6 hxg6 26. Qd3 Rf5 27. Kc2 b5 28. Rh6
Nxe6 29. dxe6 Qxe6 30. Bf4 Bg7 31. cxb5 Raf8 32. Rh4 Rd5 33. Qc4 Qf5+ 34. Kb3 e6
35. Re1 Rd3+ 36. Nc3 Rd4 37. Qxe6+ Qxe6+ 38. Rxe6 Rfxf4 39. Rxf4 Rxf4 40. Rxd6
Rb4+ 41. Kc2 Bxc3 42. bxc3 Rxb5 43. Rxg6+ Kf7 44. Ra6 c4 45. Rxa7+ Kg6 46. a4
Rxg5 47. Kb2 Rc5 48. Ka3 Kf6 49. Rd7 Ke6 50. Rd4 Rc8 51. Kb4 Ke7 52. a5 1-0

[Event "Millionaire Chess Open 2014"]
[Site "Las Vegas USA"]
[Date "2014.10.09"]
[Round "2.1"]
[White "Ivanov, Alexander"]
[Black "So, Wesley"]
[Result "0-1"]
[WhiteTitle "GM"]
[BlackTitle "GM"]
[WhiteElo "2508"]
[BlackElo "2755"]
[WhiteFideId "2000202"]
[BlackFideId "5202213"]
[EventDate "2014.10.09"]

1. e4 c5 2. Nf3 d6 3. Bb5+ Nd7 4. d4 cxd4 5. Qxd4 a6 6. Bxd7+ Bxd7 7. O-O Rc8 8.
c4 e5 9. Qd3 b5 10. Na3 Qb6 11. Be3 Qb7 12. Nd2 Be7 13. Rac1 Nf6 14. Bg5 Nh5 15.
Bxe7 Kxe7 16. g3 Nf6 17. Rfe1 Rhd8 18. f3 Rc6 19. b3 Qb6+ 20. Kg2 Qa5 21. Nc2
Be6 22. a3 Rdc8 23. Red1 Ne8 24. Nb4 R6c7 25. Qc3 Kf8 26. Nd5 Qxc3 27. Rxc3 Bxd5
28. exd5 f5 29. Rcc1 Nf6 30. Ra1 Ke7 31. a4 bxc4 32. bxc4 Rb8 33. Rab1 Rcb7 34.
Rxb7+ Rxb7 35. Rb1 Rxb1 36. Nxb1 g5 37. Nd2 g4 38. h3 gxf3+ 39. Kxf3 h5 40. a5
Nh7 41. Ke3 Nf6 42. Kf3 Kf7 43. Ke3 Kg6 44. Kf3 Nd7 45. Nb3 Kg5 46. h4+ Kf6 47.
Ke3 Ke7 48. Kf3 Nf6 49. Nd2 Kf7 50. Ke3 Kg6 51. Kf3 Nd7 52. Nb3 f4 53. gxf4 Kf5
54. fxe5 Nxe5+ 55. Kg3 Nxc4 56. Nd4+ Ke4 57. Ne6 Nxa5 58. Nc7 Nc4 59. Nxa6 Ne3
60. Nc7 Nxd5 61. Ne6 Ne7 62. Kf2 Nf5 63. Ng5+ Kf4 64. Nf7 0-1